Geometry Dash Top 20 - Sudden Death - Statistics

General Stats
  • This quiz has been taken 2,106 times
  • The average score is 6 of 20
Answers on the Grid
Answers color-coded by a green-red scale on the quiz's grid according to % correct below.
MINUSdry
The Salt Factory
Abyss of Darkness
Belladonna
The Hallucination
COMBUSTION
Centipede
Avernus
The Lightning Rod
CONVULSION
Deimos
Based After Based
KOCMOC
KOSETSU
Firework
Sakupen Circles
BOOBAWAMBA
Through The Gates
Menace
Saul Goodman
Slaughterhouse
Solar Flare
Kyouki
Stellar Night
Subterminal Point
The Plunge
Anathema
Aquamarine
Apocalyptic Trilogy
Tunnel of Despair
Tidal Wave
Edge of Destiny
Andromeda
LIMBO
Silent Clubstep
Eyes in the Water
Acheron
poocubed
Spectre
Nullscapes
 
Answer Stats
Answer % Correct
#3 Avernus
58%
#11 Abyss of Darkness
56%
#1 Tidal Wave
47%
#2 Nullscapes
45%
#5 Acheron
44%
#6 Silent Clubstep
43%
#17 BOOBAWAMBA
40%
#4 Anathema
35%
#7 Andromeda
34%
#14 Slaughterhouse
33%
#13 Kyouki
29%
#16 KOCMOC
28%
#18 Sakupen Circles
28%
#9 Spectre
26%
#15 Menace
19%
#10 Tunnel of Despair
19%
#12 Subterminal Point
14%
#19 Based After Based
12%
#8 Aquamarine
10%
#20 CONVULSION
4%
No matching quizzes found
Score Distribution
Percent of People with Each Score
Percentile by Number Answered
Your Score History
You have not taken this quiz